INKANANKANA (Record no. 89611)

MARC details
000 -LEADER
fixed length control field 00248nam a2200109Ia 4500
008 - FIXED-LENGTH DATA ELEMENTS--GENERAL INFORMATION
fixed length control field 220622s9999 xx 000 0 und d
020 ## - INTERNATIONAL STANDARD BOOK NUMBER
International Standard Book Number 086-9852620
082 ## - DEWEY DECIMAL CLASSIFICATION NUMBER
Classification number F SWA MAT
100 ## - MAIN ENTRY--PERSONAL NAME
Personal name MATSEBULA,J,S,M
9 (RLIN) 69603
245 #0 - TITLE STATEMENT
Title INKANANKANA
942 ## - ADDED ENTRY ELEMENTS
item type Books
-- 561
-- John Tresidder
Holdings
Withdrawn status Lost status Damaged status Not for loan Home library Current library Date acquired Cost, normal purchase price Total Checkouts Barcode Date last seen Price effective from item type Public note
        Masoyi Masoyi 17.08.2021 80.00   33228023481375 17.08.2021 17.08.2021 Books  
        Mhluzi PL (MMID-PLST-MHLU) Mhluzi PL (MMID-PLST-MHLU) 22.06.2022 10.36   33228-015271909 22.06.2022 22.06.2022 Books 92130250016